[Event "Lovfalds 12th E"]
[Site "Ringsted"]
[Date "1998.09.18"]
[Round "1"]
[White "Nikolajsen, Martin"]
[Black "Berg, Casper"]
[Result "1-0"]
[WhiteElo "1455"]
[BlackElo "1500"]
[PlyCount "37"]
[EventDate "1998.09.18"]
[EventType "tourn"]
[EventRounds "5"]
[EventCountry "DEN"]
[SourceTitle "EXT 2023"]
[Source "ChessBase"]
[SourceDate "2022.10.05"]
[SourceVersion "1"]
[SourceVersionDate "2022.10.05"]
[SourceQuality "1"]

1. e4 Nc6 2. Nf3 d6 3. Nc3 Nf6 4. d4 Bg4 5. Bb5 a6 6. Bxc6+ bxc6 7. h3 Bh5 8. Bg5 e6 9. g4 h6 10. Bxf6 gxf6 11. gxh5 Rb8 12. Nd2 d5 13. Nb3 Bb4 14. Qg4 Ke7 15. 0-0-0 a5 16. Na4 Rg8 17. Qf4 Rg5 18. h4 Rxh5 19. Qg4 1-0